Statistics for Country by University #2

Click here to take the quiz!

General Stats

  • This quiz has been taken 19 times
  • The average score is 15 of 24

Answer Stats

UniversityCountry% Correct
University of TehranIran
100%
Tel AvivIsrael
100%
Kim Il-sungNorth Korea
100%
University of LimaPeru
100%
Universidad de la HabanaCuba
94%
UtrechtNetherlands
94%
University of BergenNorway
94%
University of KinshasaD.R. Congo
89%
Open University of CataloniaSpain
89%
SiamThailand
89%
University of the PunjabPakistan
83%
University of MalayaMalaysia
78%
Umm Al QuraSaudi Arabia
67%
Northern CaribbeanJamaica
56%
University of CoimbraPortugal
56%
LundSweden
56%
NazarbayevKazakhstan
44%
University of the AndesVenezuela
44%
JagiellonianPoland
28%
University of ConcepcionChile
22%
Cheikh Anta DiopSenegal
17%
MasarykCzech Republic
11%
Babes-BolyaiRomania
6%
Cape CoastGhana
0%

Score Distribution

Percentile by Number Answered

Percent of People with Each Score

Your Score History

You have not taken this quiz